000 00469nam a2200181Ia 4500
001 3069
005 20260306144853.0
008 260306t1994||||xx |||||||||||||| ||spa||
041 _aESP
082 _a248.8
_bV23 1994
100 _aVallés, Carlos G., S.J.
_eAUT
245 0 _aLigero de equipaje:
_bTony de Mello un profeta para nuestro tiempo
260 _c1994
300 _a226 páginas :
_c21 cm.
650 _aGEN
654 _aCHU
942 _cLIB
_dJUS
_fJUS
_2ddc
_n
999 _c3069
_d3069